| 000 | 00670nam a2200217 a 4500 | ||
|---|---|---|---|
| 999 |
_c8676 _d8676 |
||
| 001 | 8676 | ||
| 003 | BD-JhCC | ||
| 005 | 20180301111150.0 | ||
| 008 | 180301s1969 bg a|||| ||a| 000 0 ben d | ||
| 035 | _a(BD-JhCC)8676 | ||
| 040 |
_aBD-JhCC _dBD-JhCC |
||
| 041 | _aben | ||
| 082 |
_a610 _bWAH 1969 |
||
| 100 | _aওয়াহেদ, এ,কে, এম আবদুল | ||
| 245 |
_aচিকিৎসা-বিজ্ঞান / _cএ,কে, এম আবদুল ওয়াহেদ |
||
| 260 |
_aঢাকা : _bবাংলা একাডেমী, _c1969. |
||
| 300 |
_a362 p. : _c22 cm. |
||
| 650 | _aMedical Science | ||
| 942 |
_2ddc _cBK |
||